Evaluación de la normatividad vigente sobre permisos de investigación científica en diversidad biológica (PEFIC) en Colombia / (Registro nro. 18805)

Detalles MARC
000 -CABECERA
Campo de control 01328nam a2200265 a 4500
005 - FECHA Y HORA DE LA ULTIMA TRANSACCION
Campo de control 20200129081121.0
008 - ELEMENTOS DE LONGITUD FIJA—INFORMACION GENERAL
Campo de control 970903s2009 ck a gr 00010 spa d
020 ## - ISBN
ISBN 9789587191578
040 ## - FUENTE DE CATALOGACIÓN
Agencia catalogadora original CO-BoBLA
Agencia transcriptora CO-BoBLA
Agencia Modificadora CO-BoIAVH
041 0# - IDIOMA
Código de idioma para texto/pista de sonido o título separado Español
044 ## - PAÍS DE PUBLICACIÓN
País de publicación Colombia
082 04 - NUMERO DE CLASIFICACION DECIMAL DEWEY
Número de clasificación 570.72
Número del ítem N43e
100 1# - ASIENTO PRINCIPAL--NOMBRE PERSONAL
Nombre personal Nemogá Soto, Gabriel Ricardo.
Término relacionado autor
9 (RLIN) 1705
245 10 - MENCION DE TITULO
Título Evaluación de la normatividad vigente sobre permisos de investigación científica en diversidad biológica (PEFIC) en Colombia /
Mención de responsabilidad Gabriel Ricardo Nemogá Soto, Dalí Aleixandra Rojas Díaz.
260 3# - PUBLICACION, DISTRIBUCION, ETC. (PIE DE IMPRENTA)
Lugar de publicación, distribución, etc. Bogotá :
Nombre del editor, distribuidor, etc. Universidad Nacional de Colombia. Facultad de Derecho, Ciencias Políticas y Sociales. Instituto Unidad de Investigaciones, Jurídico-Sociales Gerardo Molina,
Fecha de publicación, distribución, etc. 2009.
300 ## - DESCRIPCION FISICA
Extensión 56 páginas :
Otros detalles físicos ilustraciones ;
Dimensiones 24 x 16 cm.
490 ## - MENCION DE SERIE
Mención de serie Series Plebio Documentos de Invstigación Recurso Genéticos, Conocimiento y Derechos
Designación numérica/secuencial del volumen V. 3
504 ## - NOTA DE BIBLIOGRAFIA, ETC.
Nota de bibliografía Incluye referencias bibliográficas.
650 26 - ASIENTO SECUNDARIO DE MATERIA - TERMINO TEMATICO
Término temático o nombre geográfico como elemento de entrada Diversidad biológica
Subdivisión general Investigación
Subdivisión geográfica Colombia
Subdivisión de forma Normas
9 (RLIN) 71798
650 26 - ASIENTO SECUNDARIO DE MATERIA - TERMINO TEMATICO
Término temático o nombre geográfico como elemento de entrada Diversidad biológica
Subdivisión general Legislación
Subdivisión geográfica Colombia
9 (RLIN) 71799
650 26 - ASIENTO SECUNDARIO DE MATERIA - TERMINO TEMATICO
Término temático o nombre geográfico como elemento de entrada Parques nacionales
Subdivisión general Investigación
Subdivisión geográfica Colombia
9 (RLIN) 71800
650 26 - ASIENTO SECUNDARIO DE MATERIA - TERMINO TEMATICO
Término temático o nombre geográfico como elemento de entrada Desarrollo sostenible
Subdivisión geográfica Colombia
9 (RLIN) 71801
700 1# - ASIENTO SECUNDARIO - NOMBRE PERSONAL
Nombre personal Rojas Díaz, Dalí Aleixandra.
Término de relación autor
9 (RLIN) 71802
942 ## - ELEMENTOS ADICIONALES (KOHA)
Sistema de clasificación Dewey Decimal Classification
Tipo de ítem Libro
Existencias
Withdrawn status Lost status Sistema de Clasificación Damaged status No para préstamo Colección Inventariado Ubicación Permanente Ubicación actual Fecha de adquisición Fuente de Valor Valor Total Checkouts Número topográfico Inventario / Código de Barras Date last seen Ejemplar Price effective from Forma de adquisición Tipo de material
    Dewey Decimal Classification     General Inventariado 2017 Bogotá Bogotá 20/06/2016 Instituto 39000.00   LB-570.72 N43e 040476 20/06/2016 Ej. 1 20/06/2016 Donación Libro
    Dewey Decimal Classification     General   Bogotá Bogotá 29/01/2020       LB-570.72 N43e 043494 29/01/2020 Ej. 3 29/01/2020 Donación Libro
    Dewey Decimal Classification     General Inventariado 2017 Sala Fabio Quevedo Sala Fabio Quevedo 16/06/2017 Instituto 39000.00   LB-570.72 N43e 034744 16/06/2017 Ej. 2 16/06/2017 Donación Libro